Регионална библиотека "Любен Каравелов" - Русе

Психологията в твоя живот (Запис номер 57371)

MARC детайли
000 -Лидер
Контролно поле с фиксирана дължина nam a22 a 4500
003 - Код на организацията, давaща контролен номер
Контролно поле BLK
005 - Дата и час на последна редакция
Контролно поле 20221012123507.0
008 - Елементи от данни с фиксирана дължина
fixed length control field 180408b bul|||||r ||||||| ||bul||
040 ## - Източник на каталожния запис
Идентификатор на билиотеката - собственик на записа BLK
041 ## - Код за език
Код за езика на текст/звукозапис или на отделно заглавие Български
Код за езика КДБФ Български
080 ## - УДК
Текстов определител УДК Психология
УДК код - определител по УДК 159.9
УДК - код + определител 159.9
080 ## - УДК
Текстов определител УДК Социално поведение. Социална психология
УДК код - определител по УДК 316.6
УДК - код + определител 316.6
100 1# - Редна дума - Автор
Автор Пирьов, Генчо Димитров
Авторска отговорност първи автор
R(LIN) 364704
139 ## - Редно поле
Редна дума Пирьов, Генчо Димитров
245 10 - Сведения за заглавието
Заглавие Психологията в твоя живот
Подзаглавни данни Моногр.
Редно поле (дума) Генчо Д. Пирьов.
257 ## - Страна на издаване
Страна на създаване/издаване България
260 ## - Област на издателските данни
Място на издаване, разпространение и проч. София
Име на издателя, разпространителя и проч. Партиздат
Година на издаване 1976
300 ## - Физическа характеристика
Страници 301 с.
Размери/Мащаб 20 см
380 ## - Жанр
Жанр Философия
490 1# - СЕРИИ (Колекции)
Име на серия Хоризонти - светът, науката, ние
500 ## - Общи забележки
Забележка Библиогр. с. 289-294.
650 #4 - Допълнително описание по предмет – тема
Основно описание – тема или топоним Психология
9 (RLIN) 168332
650 #4 - Допълнително описание по предмет – тема
Основно описание – тема или топоним Социална психология
9 (RLIN) 243161
653 ## - Ключова дума – ненормативна
Ключова дума социална психология
852 ## - Местоположение
Форматна сигнатура Цб 79562
Фондова буква Хранилище
856 4# - Електронен адрес и достъп
Електронен формат pdf - файл
Инструкция (цена за достъп) 0.00
Права за достъп disable
999 ## - СИСТЕМНИ КОНТРОЛНИ НОМЕРА
Koha biblionumber 57371
Koha biblioitemnumber 57371
942 ## - АРТИКУЛИ
Вид на библиотечния материал Книги
Скрит в OPAC Не
Периодичен библиозапис Да
944 ## - СЪЗДАВАНЕ И РЕДАКЦИЯ на ЗАПИСА
Създаване/Редакция Създаване
Дата на регистрацията/редакция 13.06.2004
Служител, извършил регистрацията/редакцията Диана_Димитрова
944 ## - СЪЗДАВАНЕ И РЕДАКЦИЯ на ЗАПИСА
Създаване/Редакция Редакция
Дата на регистрацията/редакция 2022-10-12
Служител, извършил регистрацията/редакцията СТ
Наличности
Код за отписване Код за изгубен артикул Източник на класификационната схема Код за повреда Коз за рестрикции Код за отдаване Артикулен № Име на библиотеката - собственик Име на библиотеката, в която се намира в момента Статус (Текущо местоположение) Дата на вписване в системата Местоположение - отдел Цена в лева Инвентарен номер Систематично азбучна сигнатура Баркод Номер на екземпляра Цена в евро Служебна бележка Служебен тип на артикула
  Не е изгубен Universal Decimal Classification Не е повреден без рестрикции ползва се в читалня 92875 Регионална библиотека "Любен Каравелов" Русе Регионална библиотека "Любен Каравелов" Русе Читалня 1993-01-01 Читалня 0.99 200782 Ч 159.9/П 53 120000200782 1 0.51 Дост: Pk Вид: Ф N: стар фонд Дата: 01.01.1976 Дата инв: 21.03.2017 Бележки инв: Ч2017 Книги
  Не е изгубен Universal Decimal Classification Не е повреден без рестрикции ползва се в читалня 92876 Регионална библиотека "Любен Каравелов" Русе Регионална библиотека "Любен Каравелов" Русе Хранилище 1976-01-01 Хранилище 0.99 200379 Цб 79562 120000200379 2 0.51 Дост: Dp Вид: Д N: стар фонд Дата: 01.01.1976 Книги
Изтеглен Не е изгубен Universal Decimal Classification Не е повреден без рестрикции заемане за дома 92877 Регионална библиотека "Любен Каравелов" Русе Регионална библиотека "Любен Каравелов" Русе Заемна - подръчен фонд 1976-01-01 Заемна - подръчен фонд 0.99 200776 П 159.9/П 53 200776 3 0.51 Дост: Pk Вид: Ф N: стар фонд Дата: 01.01.1976 Дата инв: 01.02.2018 Бележки инв: П2018 Книги
Vip Innovations Ltd, Rousse, Bulgaria 2025